Statistics for European Cities by Pictures #1

Click here to take the quiz!

General Stats

  • This quiz has been taken 306 times
  • The average score is 11 of 15

Answer Stats

Answer % Correct
London
100%
Barcelona
96%
Venice
95%
Rome
92%
Amsterdam
92%
Copenhagen
88%
Moscow
82%
Berlin
76%
Budapest
75%
Prague
71%
Edinburgh
65%
Frankfurt
64%
Naples
58%
Zurich
38%
Marseille
36%

Score Distribution

Percentile by Number Answered

Percent of People with Each Score

Your Score History

You have not taken this quiz